000 00670cam a2200217 04500
001 4463
010 _a9727101232
021 _b93166/95
090 _a4463
100 _a19960109d1995 m y0pory5003 ba
200 1 _aOlimpo
_ediário duma deusa adolescente
_fTeresa Buongiorno
_gil. Grazia Nidasio
_gtrad. Sílvia Matos e Lemos
210 9 _aLisboa
_cTerramar,
_dD.L. 1995
215 _a194 p.
_cil.
_d21 cm
225 2 _aFénix
_v1
304 _aTit. orig.: Olympos : diario di una dea adolescente
675 _a821.131.1-31"19"
_vBN
_zpor
700 1 _aBuongiorno,
_bTeresa
702 1 _aNidasio,
_bGrazia
702 1 _aLemos,
_bSílvia Matos e
801 0 _aPT
_bBMVN
_gRPC
990 _cLIVROS